00925nam a2200241 a 450000100100000000500170001000800410002704000250006808200180009310000440011124501110015526000500026630000260031649000350034250000240037765000220040165000260042370000440044983000420049304900090053595201220054499900170066600002386320200930022526.0110114s1970 sp r 000 f spa d aDO-SdBNPbspacBNPHU a891.73bC515n1 aChéjov, Antón P.d1860-1904.94909110aNarraciones /cAntón Pávlovich Chéjov ; prólogo y traducción del ruso de José Laín Entralgo. aMadrid, (España) :bSalvat Editores,c1970. a170, [4] p. ;c19 cm.1 aBiblioteca básica salvatv44 aTraducido del ruso. 4aNovela rusa94742 4aLiteratura rusa947431 aEntralgo, José Laínepról.949092 0aBiblioteca básica salvatv44917630 aBNGR 001054708MOaGRbGRcCTd2011-01-14iLF1l0o891.73 C515np23863-10r2020-06-25w2020-06-25y4ZPréstamo en sala c23359d23359